000 00512nam a2200181Ia 4500
005 20250326123553.0
008 250326s9999 xx 000 0 und d
037 _aTextbook
040 _aFMSL
_beng
_cFMSL
041 _aeng
_2eng
084 _aD658(B) L1
_qFMSL
100 _aNilsson N J
_9735506
245 0 _aProblem-solving methods in artificial intelligence
_cNilsson N J
260 _aNY
_bNY, McGraw-Hill
_c1971
300 _a255p
942 _cTB
_hD658(B) L1
999 _c1269972
_d1269972